| 000 | 00573nam a22001931i 4500 | ||
|---|---|---|---|
| 001 | 000030694 | ||
| 003 | RuMoIPM | ||
| 005 | 20260601104148.0 | ||
| 008 | 130416s1960----ur | c rus | ||
| 040 |
_aRuMoIPM _brus _ercr |
||
| 041 | 0 | _arus | |
| 080 | _a511 | ||
| 100 | 1 | _aБарков, Иван Яковлевич | |
| 245 | 1 |
_aОснования арифметики действительных чисел _cИ. Я. Барков |
|
| 260 |
_aЧелябинск _bКн. изд-во _c1960 |
||
| 300 | _a256 с. | ||
| 504 | _aБиблиогр.: с. 252 | ||
| 942 | _cBK | ||
| 999 |
_c30694 _d30694 |
||